Statistics for FIBA Basketball World Ranking - Men in 2015

Click here to take the quiz!

General Stats

  • This quiz has been taken 49 times
  • The average score is 15 of 20

Answer Stats

RankPointsAnswer% Correct
11000.0United States
100%
2715.0Spain
96%
5379.0France
91%
4455.0Argentina
89%
11219.0Australia
87%
9277.0Brazil
85%
6354.0Serbia
85%
7305.0Russia
83%
10226.0Greece
80%
3457.0Lithuania
80%
12179.0Croatia
78%
2076.0Germany
76%
14138.9China
74%
8284.0Turkey
74%
1986.6Mexico
72%
13163.0Slovenia
72%
1697.2Puerto Rico
50%
1887.6Dominican Republic
37%
1799.2Iran
37%
15101.0Angola
24%

Score Distribution

Percentile by Number Answered

Percent of People with Each Score

Your Score History

You have not taken this quiz